000 01184nam1a22003011i 4500
001 v19\rc\1732635
005 20240725233017.0
035 _a(NLR Aleph) 004827742
090 _a5076471
_c5076471
100 _a20061002g19011905|||y0rusy50 ca
101 0 _arus
102 _aRU
105 _a z |||a|
200 1 _aПьесы художественного репертуара и постановка их на сцене
_e(Пособие для режиссеров, театр. дирекций, драм. артистов, драм. шк., любителей драм. искусства)
_fПод ред. Ю.Э. Озаровского. Вып. 1-
210 _aСанкт-Петербург
_cД.М. Мусина
_d1901-1905
215 _d33
702 1 _aОзаровский
_bЮ.Э.
_gЮрий Эрастович
_4340
801 0 _aRU
_bNLR
_gpsbo
801 0 _aRU
_bRuMoRGB
_2psbo
801 1 _aRU
_bProSoft-M
_2rusmarc
852 _aNLR
_j+Шифры разные
852 _aNLR
_j20.77.1.5
899 _aRuMoRGB (2)
_jF 80/89
899 _aRuMoRGB (2)
_j801-84/12888-1 (вып. 2)
899 _aБАН
899 _aНБ СПбГУ (1)
899 _aГПИБ
942 _cBOOK